|
|
|
|
| LEADER |
00000ny a22000003n 4500 |
| 005 |
20110606104555.0 |
| 008 |
960607s1992 sp 000 spa d |
| 017 |
|
|
|a Z1709-1192
|
| 020 |
|
|
|a 8476982097
|
| 035 |
|
|
|a 1146
|
| 040 |
|
|
|a UMA.DER
|d vLex
|
| 040 |
|
|
|a UMA.RE
|d vLex
|
| 080 |
|
|
|a 343:347.91(460)(0.034)
|
| 080 |
|
|
|a 347.91:343(460)(0.034)
|
| 090 |
|
|
|c 471
|d 471
|
| 245 |
0 |
0 |
|a Comentarios a la jurisprudencia penal del Tribunal Supremo
|h [Recurso electrn̤ico]
|c Santiago Mir Puig ... [et al.]
|
| 256 |
|
|
|a Servicio en ln̕ea
|
| 260 |
|
|
|a Barcelona :
|b Bosch,
|c 1992
|
| 300 |
|
|
|a 336 p. ;
|c 24 cm
|
| 504 |
|
|
|a Incluye referencias bibliogrf̀icas
|
| 504 |
|
|
|a Índice
|
| 506 |
1 |
|
|a Contenido solo disponible en los productos indicados
|d vLex Global
|d vLex Global (Academic Edition, excluding Law Schools)
|d vLex Global (U.S. Academic Edition, Law Schools)
|d vLex Global (U.S. Academic Edition, excluding Law Schools)
|d vLex Global (Academic Edition, Law Schools)
|
| 650 |
0 |
7 |
|a Penal
|2 Tesauro vLex
|
| 650 |
0 |
7 |
|a Jurisprudencia
|2 Tesauro vLex
|
| 700 |
1 |
|
|a Mir Puig, Santiago
|
| 740 |
0 |
|
|a vLex Libros (Servicios en ln̕ea)
|
| 856 |
4 |
0 |
|u http://vlex.com/source/1146
|z Acceso restringido
|
| 942 |
|
|
|c BOOK
|
| 999 |
0 |
|
|a Criminal Law
|b Barcelona
|